000 00259nam a2200097Ia 4500
008 240331s9999 xx 000 0 und d
082 _bCOL
100 _aSubaltern Studies . ed
245 2 _aA collection of research papers on gender :
_bwomen's issues
942 _cL
999 _c1706
_d1706